Statistics for Nashville Predators Captains

Click here to take the quiz!

General Stats

  • This quiz has been taken 4 times
  • The average score is 4 of 7

Answer Stats

Years Answer % Correct
2018-CurrentRoman Josi
100%
2011-16Shea Weber
100%
2017Mike Fisher
75%
2003-06Greg Johnson
50%
2008-10Jason Arnott
25%
2007Kimmo Timonen
25%
1999-02Tom Fitzgerald
25%

Score Distribution

Percentile by Number Answered

Percent of People with Each Score

Your Score History

You have not taken this quiz